MARC

LEADER 00000nab a2200000 ar4500
001 vtls010613430
003 SK-MaSNL
005 20260303085315.0
008 140808c2014 xo sr|p|||||||000 b|slo
038 |a PPPK 
040 |a PPPKCL  |b slo  |c PPPKCL  |e AACR2 
041 0 |a slo 
044 |a xo  |c SK 
080 |a 794.1  |2 2001 
080 |a 316.344.6-056.26/.29  |2 2001 
245 0 0 |a Majstrovstvá SR v bleskovom šachu  |c [text a foto] (ph) 
300 |b Fotogr. 
600 1 7 |a Vonglár, Peter  |2 pppkcl  |9 1094627 
611 2 7 |a Memoriál Dušana Pečnera  |g súťaž  |d (2014 :  |c Ružomberok, Slovensko)  |2 pppkcl  |9 1094628 
611 2 7 |a Majstrovstvá Slovenskej republiky telesne postihnutých v bleskovom šachu  |d (2014 :  |c Ružomberok, Slovensko)  |2 pppkcl  |9 1094629 
648 7 |a 25.5.2014  |2 pppkcl  |9 1094630 
650 0 7 |a šach  |2 pppkcl  |9 3315 
650 0 7 |a telesne postihnutí  |2 pppkcl  |9 30009 
651 7 |a Kežmarok (Slovensko)  |2 pppkcl  |9 26808 
651 7 |a Ružomberok (Slovensko)  |2 pppkcl  |9 24370 
773 0 |t Kežmarok  |g Roč. XXII, č. 12 (2014), s. 20 
852 |a PPPK  |b KIS3GCP 
856 4 1 |u http://www.kezmarok.sk/obcan/clanky/noviny_kezmarok_archiv-97.htm 
999 |c 1798708  |d 1800638